000 00271nam a2200109Ia 4500
008 190216s9999||||xx |||||||||||||| ||und||
100 _aSholokhov M S
245 0 _aDon Samudrathilek Thanne Ozhukunnu
260 _bNbs Kottayam
650 _aMalayalam Nadakam
942 _cBK
999 _c24048
_d24048